[Event "Gatwick e2e4 op"]
[Site "Crawley"]
[Date "2013.04.07"]
[Round "5"]
[White "Stille, Alexander"]
[Black "Helmer, Christoph"]
[Result "1/2-1/2"]
[WhiteElo "2071"]
[BlackElo "2021"]
[PlyCount "46"]
[EventDate "2013.04.05"]
[EventType "swiss"]
[EventRounds "5"]
[EventCountry "ENG"]
[SourceTitle "CBM 153 Extra"]
[Source "ChessBase"]
[SourceDate "2013.04.22"]
[SourceVersion "1"]
[SourceVersionDate "2013.04.22"]
[SourceQuality "1"]

1. d4 Nf6 2. c4 e6 3. g3 d5 4. Bg2 Be7 5. Nf3 0-0 6. 0-0 dxc4 7. Ne5 Nc6 8. Bxc6 bxc6 9. Nxc6 Qe8 10. Nxe7+ Qxe7 11. Nd2 Rd8 12. Nxc4 c5 13. Ne5 Bb7 14. Qb3 cxd4 15. Bg5 Bd5 16. Qd3 h6 17. Bf4 Be4 18. Qa6 g5 19. Bd2 Qc5 20. Nd3 Qf5 21. f3 Bxd3 22. Qxd3 Qd5 23. Rfc1 Rdc8 1/2-1/2

[Event "Gatwick e2e4 op"]
[Site "Crawley"]
[Date "2013.04.06"]
[Round "3"]
[White "Stille, Alexander"]
[Black "Snape, Ian L"]
[Result "0-1"]
[WhiteElo "2071"]
[BlackElo "2249"]
[PlyCount "76"]
[EventDate "2013.04.05"]
[EventType "swiss"]
[EventRounds "5"]
[EventCountry "ENG"]
[SourceTitle "CBM 153 Extra"]
[Source "ChessBase"]
[SourceDate "2013.04.22"]
[SourceVersion "1"]
[SourceVersionDate "2013.04.22"]
[SourceQuality "1"]

1. d4 c5 2. d5 g6 3. c4 d6 4. Nc3 Nf6 5. e4 Bg7 6. Bd3 0-0 7. Nge2 e6 8. 0-0 exd5 9. cxd5 a6 10. a4 Nbd7 11. h3 Qc7 12. Bg5 h6 13. Bf4 Nh5 14. Be3 Ne5 15. Bb1 Rb8 16. Qc1 Kh7 17. f4 Nc4 18. Bf2 b5 19. axb5 axb5 20. Bd3 Bd7 21. g4 Nf6 22. b3 Na5 23. Qa3 Nxb3 24. Qxb3 c4 25. Bxc4 bxc4 26. Qc2 Rb7 27. Nd4 Rfb8 28. Rfb1 h5 29. g5 Ne8 30. f5 Be5 31. Rxb7 Rxb7 32. Rb1 Qc8 33. Rxb7 Qxb7 34. h4 Nc7 35. Nce2 Na6 36. Qxc4 Qb1+ 37. Nc1 Nc5 38. Ne6 Bb5 0-1

[Event "BCF-chT3S 1213 (4NCL)"]
[Site "England"]
[Date "2013.02.23"]
[Round "5.66"]
[White "Compton, Alistair"]
[Black "Stille, Alexander"]
[Result "1-0"]
[WhiteElo "2087"]
[BlackElo "2071"]
[PlyCount "65"]
[EventDate "2012.11.03"]
[EventType "team-swiss"]
[EventRounds "6"]
[EventCountry "ENG"]
[SourceTitle "EXT 2014"]
[Source "ChessBase"]
[SourceDate "2013.11.20"]
[SourceVersion "1"]
[SourceVersionDate "2013.11.20"]
[SourceQuality "1"]
[WhiteTeam "The Rookies"]
[BlackTeam "BCM Rhinos II"]
[WhiteTeamCountry "ENG"]
[BlackTeamCountry "ENG"]

1. e4 e5 2. Nf3 Nc6 3. Nc3 Nf6 4. Bb5 Bb4 5. 0-0 d6 6. d4 exd4 7. Nd5 Bc5 8. b4 Bb6 9. a4 a6 10. Nxb6 cxb6 11. Bxc6+ bxc6 12. Qxd4 c5 13. Qd3 0-0 14. Bf4 Bb7 15. Rfe1 Re8 16. Nd2 cxb4 17. Bxd6 a5 18. e5 Nd5 19. Qg3 Re6 20. Ne4 Rg6 21. Qb3 Nf4 22. g3 Qh4 23. Qf3 Nh3+ 24. Kf1 Qd8 25. Rad1 Qc8 26. Qe3 Qxc2 27. Rc1 Qxa4 28. Qxb6 Bxe4 29. Rxe4 Qa3 30. Qc6 Qd3+ 31. Kg2 Rd8 32. Kxh3 f5 33. Qc4+ 1-0

[Event "IECG CA.2003.0.00103 email"]
[Site "IECG email"]
[Date "2003.09.03"]
[Round "?"]
[White "Stille, Alexander"]
[Black "Duarte, Duarte"]
[Result "0-1"]
[WhiteElo "2050"]
[BlackElo "2057"]
[PlyCount "23"]
[EventDate "2003.09.03"]
[EventType "tourn (corr)"]
[EventRounds "6"]
[SourceTitle "Corr 2024"]
[Source "ChessBase"]
[SourceDate "2023.10.19"]
[SourceVersion "1"]
[SourceVersionDate "2023.10.19"]
[SourceQuality "1"]

1. e4 e5 2. Nf3 Nc6 3. Bb5 a6 4. Ba4 Nf6 5. 0-0 Be7 6. Re1 b5 7. Bb3 d6 8. c3 0-0 9. h3 Be6 10. d4 Bxb3 11. axb3 exd4 12. cxd4 0-1

[Event "Leipzig VfB op 10th"]
[Site "Leipzig"]
[Date "2003.03.15"]
[Round "7"]
[White "Rudolph, Juergen"]
[Black "Stille, Alexander"]
[Result "1-0"]
[WhiteElo "1644"]
[BlackElo "1848"]
[PlyCount "47"]
[EventDate "2003.03.11"]
[EventType "swiss"]
[EventRounds "9"]
[EventCountry "GER"]
[SourceTitle "EXT 2008"]
[Source "ChessBase"]
[SourceDate "2007.11.25"]
[SourceVersion "1"]
[SourceVersionDate "2007.11.25"]
[SourceQuality "1"]

1. b3 e5 2. e3 d5 3. Bb2 Bd6 4. c4 Nf6 5. cxd5 Nxd5 6. Nc3 Nxc3 7. Bxc3 0-0 8. Bc4 Qg5 9. Nf3 Qh5 10. Nxe5 Qxd1+ 11. Rxd1 Nd7 12. Nxd7 Bxd7 13. f4 Bc6 14. 0-0 Rfe8 15. Be5 Bxe5 16. fxe5 Re7 17. Rf2 b5 18. Be2 Rxe5 19. Rc1 Re6 20. Bg4 Rd6 21. d4 g6 22. Rfc2 Be4 23. Rxc7 a5 24. Bf3 1-0

[Event "Leipzig VfB op 10th"]
[Site "Leipzig"]
[Date "2003.03.15"]
[Round "8"]
[White "Stille, Alexander"]
[Black "Dehning Busse, Karsten"]
[Result "1/2-1/2"]
[WhiteElo "1848"]
[BlackElo "1637"]
[PlyCount "56"]
[EventDate "2003.03.11"]
[EventType "swiss"]
[EventRounds "9"]
[EventCountry "GER"]
[SourceTitle "EXT 2008"]
[Source "ChessBase"]
[SourceDate "2007.11.25"]
[SourceVersion "1"]
[SourceVersionDate "2007.11.25"]
[SourceQuality "1"]

1. e4 d6 2. d4 Nf6 3. Nc3 g6 4. Be3 Bg7 5. Qd2 0-0 6. Nf3 c6 7. Bh6 Re8 8. Bxg7 Kxg7 9. 0-0-0 b5 10. Bd3 e5 11. dxe5 dxe5 12. h4 Bg4 13. Qe3 Qc7 14. Ne2 Qe7 15. Nh2 Bd7 16. f3 c5 17. Nc3 a6 18. g4 Be6 19. h5 Nc6 20. hxg6 hxg6 21. Nf1 Rh8 22. Ng3 b4 23. Nd5 Bxd5 24. exd5 Nxd5 25. Qe4 Qg5+ 26. Kb1 Rxh1 27. Rxh1 Nde7 28. Qe2 Rh8 1/2-1/2

[Event "Leipzig VfB op 10th"]
[Site "Leipzig"]
[Date "2003.03.13"]
[Round "5"]
[White "Frotscher, Thomas"]
[Black "Stille, Alexander"]
[Result "1/2-1/2"]
[WhiteElo "2215"]
[BlackElo "1848"]
[PlyCount "105"]
[EventDate "2003.03.11"]
[EventType "swiss"]
[EventRounds "9"]
[EventCountry "GER"]
[SourceTitle "EXT 2008"]
[Source "ChessBase"]
[SourceDate "2007.11.25"]
[SourceVersion "1"]
[SourceVersionDate "2007.11.25"]
[SourceQuality "1"]

1. g3 d5 2. Bg2 Nf6 3. d3 Bf5 4. Nd2 c6 5. e4 dxe4 6. dxe4 Bg4 7. Ne2 e5 8. h3 Be6 9. 0-0 Bc5 10. Kh2 0-0 11. f4 exf4 12. Nxf4 Qe7 13. Qe2 Nbd7 14. b3 Bd4 15. Rb1 Ne5 16. Nf3 Nxf3+ 17. Qxf3 Nd7 18. Be3 Ne5 19. Qf2 Bxe3 20. Qxe3 Rad8 21. Rbd1 b6 22. Rd4 Rd6 23. Rfd1 Rfd8 24. c3 c5 25. Rxd6 Rxd6 26. Rxd6 Qxd6 27. Nd5 f6 28. Qe2 Bc8 29. Qb5 Kf7 30. a4 Qc6 31. Qe2 g6 32. Qd2 Kg7 33. c4 a6 34. Qc3 a5 35. g4 Qd6 36. Kg1 Bb7 37. g5 Bxd5 38. gxf6+ Qxf6 39. cxd5 Kf7 40. Qe3 Ke7 41. Qh6 Qf7 42. Qh4+ Kd7 43. Kh2 Qe7 44. Qf4 Nd3 45. Qg4+ Kd6 46. Qe2 Qe5+ 47. Kh1 Qg3 48. e5+ Nxe5 49. Qb5 Qe1+ 50. Kh2 Qb4 51. Qf1 Nd7 52. Qf7 Qe1 53. Qxh7 1/2-1/2

[Event "Leipzig VfB op 10th"]
[Site "Leipzig"]
[Date "2003.03.13"]
[Round "4"]
[White "Stille, Alexander"]
[Black "Pavlov, Anatoly"]
[Result "1/2-1/2"]
[WhiteElo "1848"]
[BlackElo "2088"]
[PlyCount "104"]
[EventDate "2003.03.11"]
[EventType "swiss"]
[EventRounds "9"]
[EventCountry "GER"]
[SourceTitle "EXT 2008"]
[Source "ChessBase"]
[SourceDate "2007.11.25"]
[SourceVersion "1"]
[SourceVersionDate "2007.11.25"]
[SourceQuality "1"]

1. e4 c5 2. c3 Nf6 3. e5 Nd5 4. d4 cxd4 5. Nf3 e6 6. cxd4 d6 7. Bc4 Nb6 8. Bb3 dxe5 9. Nxe5 Bb4+ 10. Nc3 0-0 11. a3 Be7 12. 0-0 Nc6 13. Nxc6 bxc6 14. Qd3 a5 15. Bc2 g6 16. Rd1 Ba6 17. Qf3 Nd5 18. Bh6 Re8 19. Ne4 Rb8 20. Rab1 Rb6 21. Bb3 Nf6 22. Nc5 Nd5 23. Bd2 Bxc5 24. dxc5 Rb7 25. Bh6 Be2 26. Qxe2 Rxb3 27. Qc4 Qb8 28. Rdc1 f6 29. Qa6 Qa8 30. Qxa8 Rxa8 31. Bd2 a4 32. Rc4 g5 33. h4 h6 34. hxg5 hxg5 35. Kf1 Kf7 36. Ke2 e5 37. Kd1 Ke6 38. Kc2 Rb7 39. Re1 Rb5 40. Rh1 Ne7 41. Be3 Nf5 42. Rd1 Rab8 43. b4 axb3+ 44. Kb2 R5b7 45. g4 Nxe3 46. Rd6+ Ke7 47. fxe3 Rh8 48. Rb4 Rd7 49. Rxc6 Rh2+ 50. Kxb3 Re2 51. Rbb6 Rxe3+ 52. Kc2 Re2+ 1/2-1/2

[Event "BCF-chT2 9899 (4NCL)"]
[Site "England"]
[Date "1998.11.22"]
[Round "4.7"]
[White "Sinnett, Glyn"]
[Black "Stille, Alexander"]
[Result "1/2-1/2"]
[WhiteElo "1865"]
[BlackElo "1872"]
[PlyCount "31"]
[EventDate "1998.10.??"]
[EventType "team"]
[EventRounds "11"]
[EventCountry "ENG"]
[SourceTitle "EXT 2000"]
[Source "ChessBase"]
[SourceDate "1999.11.16"]
[SourceVersion "1"]
[SourceVersionDate "1999.11.16"]
[SourceQuality "1"]
[WhiteTeam "Nidum Knights"]
[BlackTeam "Invicta Knights Maidstone II"]
[WhiteTeamCountry "ENG"]
[BlackTeamCountry "ENG"]

1. d4 d5 2. c4 c6 3. cxd5 cxd5 4. Nc3 Nc6 5. Nf3 Nf6 6. h3 e6 7. Bf4 Bd6 8. Bxd6 Qxd6 9. e3 0-0 10. Rc1 Bd7 11. Bd3 Rac8 12. 0-0 a6 13. a3 Rc7 14. b4 Rfc8 15. Qb3 b5 16. Ne2 1/2-1/2